Uplatnenie výpočtovej techniky pri operatívnom riadení výroby prefabrikátov záverečná práca postgraduálneho štúdia

Gespeichert in:
Bibliographische Detailangaben
1. Verfasser: Blažíček, Vladimír
Körperschaft: Vysoká škola ekonomická v Bratislave
Format: Buch
Sprache:Slowakisch
Veröffentlicht: Bratislava 1990
Tags: Tag hinzufügen
Keine Tags, Fügen Sie das erste Tag hinzu!

MARC

LEADER 00000nam a2200000 4500
001 c029013
005 20221215071749.5
041 0 |a slo 
044 |a SK 
245 1 0 |a Uplatnenie výpočtovej techniky pri operatívnom riadení výroby prefabrikátov  |b záverečná práca postgraduálneho štúdia  |c Vladimír Blažíček 
264 1 |a Bratislava  |c 1990 
300 |a 49 s. 
100 1 |a Blažíček, Vladimír 
710 2 |a Vysoká škola ekonomická v Bratislave